Statistics for Siegfried Chronicles #1

Click here to take the quiz!

General Stats

  • This quiz has been taken 25 times
  • The average score is 8 of 15

Answer Stats

QuestionAnswer% Correct
What instrument is Jack said to play in Book 2?Trumpet
100%
Who is the Dozen Leader (1st Generation)Jack
83%
The Guardians are described as?Protectors of the Galaxy
83%
What is the Original title of Book 1?Rise of Siegfried
83%
Who rises as 2nd Generation Dozen Leader?Darcy W
67%
Why did the Guardians Fall?Leadership and Internal problems
67%
What is the capital of Earth?The Golden City
67%
After Bec falls in Book 2, and Jack saves her, who leads the charge against the Black Castle?Moya
50%
As of August 2021 how many Siegfried Books are planned?6
33%
Who defeats the Shadow King?Chancellor Siegfried
33%
Which rebellion group was created by the Shadow King in the first Shadow War?Revengers
33%
Who is Jack's Wingmen in Book 2?Samuel and Moya
33%
What group was Cassandra a part of?The Night Warriors
33%
What is Samuel's Power (Guardian)Protective Shielding and Portals
17%
Where was the Nonsense base on Earth located?Under the Ocean, in a trench
17%

Score Distribution

Percentile by Number Answered

Percent of People with Each Score

Your Score History

You have not taken this quiz